Lesiones corporales y como prevenirlas en las clases de Educación Física en el Liceo Ana María Alcántara del distrito educativo 03-02, año escolar 2021-2022 / (Record no. 13324)

MARC details
000 -LEADER
campo de control de longitud fija 00917nam a2200205 4500
003 - IDENTIFICADOR DE NÚMERO DE CONTROL
campo de control DO-SdUA
005 - FECHA Y HORA DE LA ÚLTIMA TRANSACCIÓN
campo de control 20250325093547.0
008 - DATOS DE LONGITUD FIJA--INFORMACIÓN GENERAL
campo de control de longitud fija s2024 dr a|| |||| 0 |a||0|spa d
040 ## - FUENTE DE CATALOGACIÓN
Centro catalogador/agencia de origen DO-SdUA
Lengua de catalogación spa
Centro/agencia transcriptor DO-SdUA
041 0# - CÓDIGO DE IDIOMA
Código de lengua del texto/banda sonora o título independiente spa
092 ## - ASIGNACIÓN LOCAL DE SIGNATURA TOPOGRÁFICA DEWEY (OCLC)
Número de clasificación MA-EFD 0003 FCE 2024
100 ## - ENTRADA PRINCIPAL--NOMBRE DE PERSONA
Nombre de persona Corcino Morillo, Félix Pedro
245 10 - MENCIÓN DEL TÍTULO
Título Lesiones corporales y como prevenirlas en las clases de Educación Física en el Liceo Ana María Alcántara del distrito educativo 03-02, año escolar 2021-2022 /
Mención de responsabilidad, etc. Félix Pedro Corcino Morillo.
260 ## - PUBLICACIÓN, DISTRIBUCIÓN, ETC.
Lugar de publicación, distribución, etc. Santo Domingo:
Nombre del editor, distribuidor, etc. UASD,
Fecha de publicación, distribución, etc. 2024.
300 ## - DESCRIPCIÓN FÍSICA
Extensión 79, [v] h. :
Otras características físicas il.
502 ## - NOTA DE TESIS
Nota de tesis Tesis y Trabajo de Grado (Maestría en Gestión de Educación Física y Deporte)--Universidad Autónoma de Santo Domingo, Santo Domingo , 2024.
504 ## - NOTA DE BIBLIOGRAFÍA, ETC.
Nota de bibliografía, etc. Nota Incluye referencias bibliográficas.
830 ## - PUNTO DE ACCESO ADICIONAL DE SERIE-TÍTULO UNIFORME
Título uniforme Tesis y disertaciones académicas (Universidad Autónoma de Santo Domingo)
942 ## - ELEMENTOS DE ENTRADA SECUNDARIOS (KOHA)
Fuente de la clasificación o esquema de estantería
Tipo de ítem Koha
Suprimir en OPAC

No items available.

© 2024. Todos los Derechos Reservados. Desarrollado por IDEICE